A study of robert Kroetsch's Narrative Strategies in his Novels The Studhorse man,cone Indian and Badlands / (Record no. 172238)

MARC details
000 -LEADER
fixed length control field 00640nam a22001937a 4500
005 - DATE AND TIME OF LATEST TRANSACTION
control field 20200130114846.0
010 ## - LCCN (DPL NO)
LC control number ENG-127571
020 ## - INTERNATIONAL STANDARD BOOK NUMBER
International Standard Book Number 9789388927611
Terms of availability 450.00
035 ## - SYSTEM CONTROL NUMBER
System control number EN-111103
037 ## - SOURCE OF ACQUISITION
Source of stock number/acquisition DBAD/PUB
082 ## - DEWEY DECIMAL CLASSIFICATION NUMBER
Classification number 880
100 ## - MAIN ENTRY--PERSONAL NAME
Personal name Jotangiya,Paresh N
245 ## - TITLE STATEMENT
Title A study of robert Kroetsch's Narrative Strategies in his Novels The Studhorse man,cone Indian and Badlands /
Statement of responsibility, etc by Paresh N Jotangiya
260 ## - PUBLICATION, DISTRIBUTION, ETC. (IMPRINT)
Place of publication, distribution, etc Ahmedabad
Name of publisher, distributor, etc Vedant Publication
Date of publication, distribution, etc 2019
270 ## - ADDRESS
City Ahmedabad
Address Rajkot
Postal code 360001
300 ## - PHYSICAL DESCRIPTION
Extent 132p.
Other physical details 20cm(pbk)
500 ## - GENERAL NOTE
General note include bibliographical references
942 ## - ADDED ENTRY ELEMENTS (KOHA)
Source of classification or shelving scheme Dewey Decimal Classification
Item type English Books
Classification part 880
Call number suffix JOT
Holdings
Withdrawn status Lost status Not for loan Collection code Home library Current library Date acquired Source of acquisition Cost, normal purchase price Full call number Barcode Copy number Cost, replacement price Koha item type
      Non-fiction Sarojini Nagar Sarojini Nagar 30/01/2020 DBAD/PUB 300.00 880 JOT EN-111103 1 300.00 English Books

© Delhi Public Library
Hit Counter
free hit counter